|
|
|
|
| LEADER |
00646nab a2200157 i 4500 |
| 001 |
delm135604 |
| 005 |
20191127142345.0 |
| 008 |
191127s2005 hu o 0|| hun d |
| 040 |
|
|
|a SZTE Délmagyarország Archívum
|b hun
|
| 041 |
|
|
|a hun
|
| 100 |
1 |
|
|a Molnár Balázs
|
| 245 |
1 |
2 |
|a A biopolisz logikája
|h [elektronikus dokumentum] :
|b Szeged egyetlen esélye: high-tech kiscégek /
|c Molnár Balázs
|
| 260 |
|
|
|c 2005-11-23
|
| 300 |
|
|
|a 5
|
| 490 |
0 |
|
|a Délmagyarország
|v 95 No. 274
|
| 695 |
|
|
|a Magyar Tudományos Akadémia (Budapest) Szegedi Biológiai Központ, Szeged, Tudományos intézet Szeged, Tudományos kutatás biotechnológia Szeged, Szeged Biopolisz
|